The 1987 constitution of the Philippines : (Record no. 1144)
[ view plain ]
| 000 -LEADER | |
|---|---|
| fixed length control field | 00814cam a2200253 a 4500 |
| 003 - CONTROL NUMBER IDENTIFIER | |
| control field | OSt |
| 005 - DATE AND TIME OF LATEST TRANSACTION | |
| control field | 20140310181658.0 |
| 008 - FIXED-LENGTH DATA ELEMENTS--GENERAL INFORMATION | |
| fixed length control field | 930108s1992 ph 000 0 eng |
| 020 ## - INTERNATIONAL STANDARD BOOK NUMBER | |
| International Standard Book Number | 9710851128 |
| 050 00 - LIBRARY OF CONGRESS CALL NUMBER | |
| Classification number | KPM 1744 |
| Item number | .N793 1992 |
| 082 ## - DEWEY DECIMAL CLASSIFICATION NUMBER | |
| Classification number | HS 342 |
| Item number | N62 1992 |
| 100 ## - MAIN ENTRY--PERSONAL NAME | |
| Personal name | Nolledo, Jose |
| 9 (RLIN) | 10841 |
| 110 1# - MAIN ENTRY--CORPORATE NAME | |
| Corporate name or jurisdiction name as entry element | Philippines. |
| 9 (RLIN) | 436 |
| 245 14 - TITLE STATEMENT | |
| Title | The 1987 constitution of the Philippines : |
| Remainder of title | with highlights of the new constitution / |
| Statement of responsibility, etc | Jose Nolledo |
| 250 ## - EDITION STATEMENT | |
| Edition statement | 1992 rev. ed. |
| 260 ## - PUBLICATION, DISTRIBUTION, ETC. (IMPRINT) | |
| Place of publication, distribution, etc | Mandaluyong City : |
| Name of publisher, distributor, etc | Philippine Graphic Arts, Inc. |
| Date of publication, distribution, etc | c1992. |
| 300 ## - PHYSICAL DESCRIPTION | |
| Extent | xxix, 79 p. ; |
| Dimensions | 22 cm. |
| 650 #0 - SUBJECT ADDED ENTRY--TOPICAL TERM | |
| Topical term or geographic name as entry element | Constitutions |
| Geographic subdivision | Philippines. |
| 9 (RLIN) | 10842 |
| 650 #0 - SUBJECT ADDED ENTRY--TOPICAL TERM | |
| Topical term or geographic name as entry element | Constitutional law |
| Geographic subdivision | Philippines. |
| 9 (RLIN) | 10843 |
| 700 1# - ADDED ENTRY--PERSONAL NAME | |
| Personal name | Nolledo, Jose N. |
| 9 (RLIN) | 438 |
| 710 2# - ADDED ENTRY--CORPORATE NAME | |
| Corporate name or jurisdiction name as entry element | National Book Store. |
| 9 (RLIN) | 10844 |
| 942 ## - ADDED ENTRY ELEMENTS (KOHA) | |
| Source of classification or shelving scheme | Library of Congress Classification |
| Koha item type | |
| Withdrawn status | Lost status | Source of classification or shelving scheme | Damaged status | Home library | Current library | Shelving location | Date acquired | Total Checkouts | Full call number | Barcode | Date last seen | Copy number | Price effective from | Koha item type |
|---|---|---|---|---|---|---|---|---|---|---|---|---|---|---|
| Library of Congress Classification | Luxembourg Library | Luxembourg Library | High School Section | 08/15/2013 | KPM 1744 .N793 1992 | 2858 | 03/22/2016 | 1 | 10/03/2013 | Books |